Logo BPK

Biblioteka

Politechniki Koszalińskiej

Zasady oczyszczania ścieków w oczyszczalniach z technologią osadu czynnego i jednoczesną stabilizacją osadu o wielkości od 500 do 5000 OLM : (Rekord nr 24322)

Szczegóły MARC
000 -ETYKIETA REKORDU
podpole kontrolne o stałej długości 01222nam a2200277 i 4500
001 - NUMER KONTROLNY REKORDU
pole kontrolne bg
020 ## - MIĘDZYNARODOWY ZNORMALIZOWANY NUMER KSIĄŻKI - ISBN
ISBN 3933693144
040 ## - ŹRÓDŁO KATALOGOWANIA
Instytucja, która utworzyła rekord BPK
041 ## - KOD JĘZYKA
Kod języka tekstu pol
080 ## - UNIWERSALNA KLASYFIKACJA DZIESIĘTNA - UKD
UKD 628.3(430)(083.74)
920 ## - Międzynarodowy znormalizowany numer książki – ISBN
ISBN 3-933693-14-4
008 - POLE O STAŁEJ DŁUGOŚCI - DANE KONTROLNE
podpole kontrolne o stałej długości s pl f |000 0 pol
245 00 - TYTUŁ/ODPOWIEDZIALNOŚĆ
Tytuł Zasady oczyszczania ścieków w oczyszczalniach z technologią osadu czynnego i jednoczesną stabilizacją osadu o wielkości od 500 do 5000 OLM :
Ciąg dalszy tytułu wytyczna ATV-A 126P : zbiór reguł /
Pozostałe elementy strefy tytułu i oznaczenia odpowiedzialności Stowarzyszenia Techniki Ściekowej we współpr. z Komunalnym Związkiem Gospodarki Odpadami i Oczyszczania Miast ; [tł. L. Schmiegowski].
250 ## - STREFA WYDANIA
Oznaczenie wydania grudzień 1993.
260 ## - STREFA ADRESU WYDAWNICZEGO
Miejsce wydania Hennef :
Nazwa wydawcy/dystrybutora GFA,
Data publikacji, dystrybucji/powstania dokumentu cop.1993.
300 ## - STREFA OPISU FIZYCZNEGO
Objętość 18 s. :
Inne cechy fizyczne rys. ;
Rozmiary 30 cm.
490 1# - STREFA SERII I DOKUMENTU WIELOCZĘŚCIOWEGO - FORMA NIE DO WYSZUKIWANIA
Tytuł i oznaczenie odpowiedzialności serii Niemiecki Zbiór Reguł ATV. Ścieki - Odpady
650 #9 - HASŁO PRZEDMIOTOWE W FORMIE NAZWY OGÓLNEJ LUB JEDNOSTKOWEJ
Nazwa ogólna lub geograficzna Ścieki
Określnik ogólny technologia
-- normalizacja
Określnik geograficzny Niemcy
650 #9 - HASŁO PRZEDMIOTOWE W FORMIE NAZWY OGÓLNEJ LUB JEDNOSTKOWEJ
Nazwa ogólna lub geograficzna Oczyszczalnia ścieków
Określnik ogólny normalizacja
Określnik geograficzny Niemcy
650 #9 - HASŁO PRZEDMIOTOWE W FORMIE NAZWY OGÓLNEJ LUB JEDNOSTKOWEJ
Nazwa ogólna lub geograficzna Osad czynny
Określnik ogólny normalizacja
Określnik geograficzny Niemcy
710 #0 - HASŁO DODATKOWE - NAZWA CIAŁA ZBIOROWEGO
Nazwa ciała zbiorowego lub jednostki geograficznej Stowarzyszenie Techniki Ściekowej
710 #0 - HASŁO DODATKOWE - NAZWA CIAŁA ZBIOROWEGO
Nazwa ciała zbiorowego lub jednostki geograficznej Komunalny Związek Gospodarki Odpadami i Oczyszczania Miast
830 #0 - HASŁO DODATKOWE SERII LUB DOKUMENTU WIELOCZĘŚCIOWEGO - TYTUŁ UJEDNOLICONY
Tytuł ujednolicony Niemiecki Zbiór Reguł ATV.
Nazwa części/sekcji dzieła Ścieki - Odpady
856 ## - LOKALIZACJA I DOSTĘP DO ELEKTRONICZNYCH DOKUMENTÓW ZDALNYCH
Link (URL) http://koha.tu.koszalin.pl/cgi-bin/koha/opac-detail.pl?biblionumber=24322
Tekst linku Katalog online BPK
942 ## - DODATKOWE ELEMENTY (KOHA)
Typ dokumentu Katalog
Egzemplarze
Wycofany Status egzemplarza Uszkodzony Dostępność Lokalizacja stała Lokalizacja bieżąca Miejsce przechowywania Sygnatura Kod kreskowy Dział Typ dokumentu Ostatnio wypożyczono
      Tylko na miejscu Biblioteka Politechniki Koszalińskiej Biblioteka Politechniki Koszalińskiej Czytelnia BG KC 3114 01528688 628.1/.3 Wodociągi. Kanalizacja. Ścieki Katalog  
      Dostępny Biblioteka Politechniki Koszalińskiej Biblioteka Politechniki Koszalińskiej Wypożyczalnia BG KC 3115 01528695   Katalog 04.06.2014
© 2023 Biblioteka Politechniki Koszalińskiej :: KOHA